La comunicación masiva : regulación, libertad y pluralismo.

Bibliographic Details
Main Author: Zaffore, Jorge
Format: Libro
Language:English
Published: Buenos Aires Depalma 1990
Edition:1a.ed.
Series:Paidós studio
Subjects:
Online Access:

MARC

LEADER 00000cam a2200000 a 4500
001 003836
003 UAHC_CL
005 20170803115959.0
008 010822b xx j 000 1 eng
020 |a 9501405362 
040 |a UAHC_CL  |c UAHC_CL  |d UAHC_CL 
082 0 4 |a 302.2 Z17 
100 1 |a Zaffore, Jorge 
245 1 3 |a La comunicación masiva :  |b regulación, libertad y pluralismo. 
250 |a 1a.ed. 
260 |b Depalma  |c 1990  |a Buenos Aires 
300 |a 207 p. 
490 0 |a Paidós studio 
650 4 |a COMUNICACION  |x ASPECTOS SOCIALES 
900 |a 302.2 ZAF 
942 |c BK 
952 |0 0  |1 0  |4 0  |6 302_200000000000000_ZAF  |7 0  |8 General  |9 8570  |a BC  |b BC  |c General  |d 2017-08-03  |l 0  |o 302.2 ZAF  |p 1301579  |r 2026-01-07 00:00:00  |t 1  |w 2017-08-03  |y BK 
999 |c 3836  |d 3836